Maa Hi Ghayat-Ul-Hayat (Record no. 4681)

MARC details
000 -LEADER
fixed length control field 00550nam a2200229 a 4500
020 ## - INTERNATIONAL STANDARD BOOK NUMBER
ISBN
082 00 - DEWEY DECIMAL CLASSIFICATION NUMBER
Classification number 244
Author Cutter LEV4
100 ## - MAIN ENTRY--AUTHOR NAME
Author name Levonian, Lootfi
245 ## - TITLE STATEMENT
Title Maa Hi Ghayat-Ul-Hayat
260 ## - PUBLICATION, DISTRIBUTION, ETC. (IMPRINT)
Place of publication Beirut
Name of publisher American Press
Year of publication 1937
300 ## - PHYSICAL DESCRIPTION
Number of Pages 34p
500 ## - GENERAL NOTE
General note includes index and biblioraphy
650 ## - SUBJECT ADDED ENTRY--TOPICAL TERM
Topical Term Christianity-Miscellany
942 ## - ADDED ENTRY ELEMENTS (KOHA)
Koha item type Books
700 1# -
-- Levonian, Lootfi
Holdings
Home library Current library Date acquired Cost, normal purchase price Full call number Accession Number Koha item type
Henry Martyn Institute Library Henry Martyn Institute Library 07/05/2007 100.00 244 LEV4 5147 Archive Book
                   Copyright © 2026 | Henry Martyn Institute | Hyderabad | TS-500052 | INDIA | Implemented by hmi.edu.in
Hit-Count:

Powered by Koha